日本地下鉄協会加入事業者 - Statistics

General Stats
  • This quiz has been taken 96 times
  • The average score is 18 of 30
Answer Stats
Answer % Correct
東京地下鉄
95%
福岡市
95%
仙台市
95%
札幌市
94%
東京都
92%
名古屋市
90%
横浜市
90%
神戸市
87%
大阪市高速電気軌道
84%
京都市
79%
阪急電鉄
64%
京成電鉄
64%
東武鉄道
61%
阪神電気鉄道
61%
西武鉄道
61%
京浜急行電鉄
60%
近畿日本鉄道
60%
京王電鉄
60%
東日本旅客鉄道
57%
小田急電鉄
57%
名古屋鉄道
51%
東葉高速鉄道
49%
埼玉高速鉄道
48%
山陽電気鉄道
35%
横浜高速鉄道
35%
神戸電鉄
34%
北総鉄道
30%
広島高速交通
25%
北大阪急行電鉄
23%
大阪港トランスポートシステム
9%
No matching quizzes found
Score Distribution
Percent of People with Each Score
Percentile by Number Answered
Your Score History
You have not taken this quiz